|
|
|
|
| LEADER |
00000Cam#a2200000#a#4500 |
| 001 |
022486 |
| 005 |
20160721160234.0 |
| 008 |
110309s1993||||ag # f#b #000|0#spa#d |
| 020 |
|
|
|a 9501513017
|
| 040 |
|
|
|a AR-BeUNQ
|
| 082 |
0 |
4 |
|a 658.044
|2 21
|
| 100 |
1 |
|
|a Lewis, Jordan B
|
| 245 |
0 |
2 |
|a Alianza estratégicas /
|c Jordan B. Lewis.
|
| 260 |
|
|
|a Buenos Aires :
|b Javier Vergara Editor,
|c 1993.
|
| 300 |
|
|
|a 371 p. ;
|c 23 cm.
|
| 490 |
1 |
|
|a Business class
|
| 504 |
|
|
|a Incluye bibliografía.
|
| 650 |
|
7 |
|a Negociaciones internacionales
|2 spines
|
| 650 |
|
7 |
|a Planificación estratégica
|2 spines
|
| 650 |
|
7 |
|a Gestión
|2 spines
|
| 830 |
|
0 |
|a Business class (Javier Vergara Editor).
|
| 929 |
|
|
|a DONACION
|b Armando Azeglio
|d 0,00
|e 20110222
|f PAT0036741
|g 1728 Exp. 827-0387/98
|j 46014
|
| 942 |
|
|
|c LIB
|n 0
|
| 999 |
|
|
|c 21550
|d 96937
|